[Event "RUS-chT Blitz"]
[Site "Sochi"]
[Date "2023.10.17"]
[Round "13.22"]
[White "Demidov, Mikhail"]
[Black "Khripachenko, Alexander"]
[Result "1/2-1/2"]
[WhiteElo "2562"]
[BlackElo "2259"]
[PlyCount "130"]
[EventDate "2023.10.17"]
[EventType "team-swiss (blitz)"]
[EventRounds "13"]
[EventCountry "RUS"]
[SourceTitle "Mega2024 Update 01"]
[Source "Chessbase"]
[SourceDate "2023.11.12"]
[SourceVersion "1"]
[SourceVersionDate "2023.11.12"]
[SourceQuality "1"]
[WhiteTeam "Moscow MGFSO"]
[BlackTeam "Krasnodarsk Region"]
[WhiteTeamCountry "RUS"]
[BlackTeamCountry "RUS"]

1. d4 d5 2. c4 e6 3. Nf3 Nf6 4. e3 Be7 5. Nc3 0-0 6. Bd3 b6 7. 0-0 dxc4 8. Bxc4 Ba6 9. Bxa6 Nxa6 10. e4 c5 11. Be3 Qc8 12. Qe2 Qb7 13. dxc5 Nxc5 14. e5 Nfe4 15. Nxe4 Qxe4 16. Rfd1 Rfd8 17. Qb5 h6 18. h3 Rab8 19. Nd4 a6 20. Qe2 Rbc8 21. Rac1 b5 22. Nf3 Na4 23. Rxd8+ Rxd8 24. b3 Nc5 25. Qc2 Qxc2 26. Rxc2 Rd1+ 27. Kh2 Rd5 28. g4 a5 29. Kg2 b4 30. Rc4 Nd3 31. Rc8+ Bf8 32. Ra8 Nxe5 33. Nxe5 Rxe5 34. Bb6 f5 35. Bxa5 Kf7 36. Bb6 Bd6 37. Be3 g5 38. Kf3 Rd5 39. Ra7+ Kg6 40. Ra6 h5 41. gxf5+ Kxf5 42. Rb6 e5 43. Kg2 e4 44. Rb7 Rd3 45. Rb5+ Be5 46. Bxg5 Kxg5 47. Rxe5+ Kf4 48. Rxh5 Rd2 49. Rh4+ Ke5 50. Kg3 Rxa2 51. Rh8 Ra3 52. Rb8 Rxb3+ 53. Kg4 Rf3 54. Rb5+ Kf6 55. Rxb4 Rxf2 56. Rxe4 Kg6 57. Re6+ Rf6 58. Re5 Ra6 59. Re4 Kh6 60. h4 Rg6+ 61. Kh3 Rg8 62. Re5 Rg6 63. h5 Rg5 64. Rxg5 Kxg5 65. Kg3 Kxh5 1/2-1/2

[Event "RUS-chT Blitz"]
[Site "Sochi"]
[Date "2023.10.17"]
[Round "11.22"]
[White "Khripachenko, Alexander"]
[Black "Novozhilov, Semen"]
[Result "1-0"]
[WhiteElo "2259"]
[BlackElo "2272"]
[PlyCount "155"]
[EventDate "2023.10.17"]
[EventType "team-swiss (blitz)"]
[EventRounds "13"]
[EventCountry "RUS"]
[SourceTitle "Mega2024 Update 01"]
[Source "Chessbase"]
[SourceDate "2023.11.12"]
[SourceVersion "1"]
[SourceVersionDate "2023.11.12"]
[SourceQuality "1"]
[WhiteTeam "Krasnodarsk Region"]
[BlackTeam "Vladimir Region"]
[WhiteTeamCountry "RUS"]
[BlackTeamCountry "RUS"]

1. e4 c5 2. Nf3 Nc6 3. d4 cxd4 4. Nxd4 Nf6 5. Nc3 d6 6. Bc4 Qb6 7. Nde2 e6 8. Bb3 Be7 9. Bf4 Qc7 10. 0-0 a6 11. h3 0-0 12. a4 b6 13. Bh2 Bb7 14. Nf4 Na5 15. Bxe6 fxe6 16. Nxe6 Qc6 17. Nxf8 Rxf8 18. Re1 Nc4 19. Qd4 b5 20. axb5 axb5 21. Nd5 Nxd5 22. exd5 Qc7 23. Qg4 Bxd5 24. Rad1 Bf7 25. b3 Ne5 26. Qb4 Bf6 27. Qxd6 Qxd6 28. Rxd6 Re8 29. Kf1 Ng6 30. Rxe8+ Bxe8 31. c4 bxc4 32. bxc4 Ne7 33. c5 Kf7 34. Rb6 Bd4 35. Bd6 Nc6 36. Rb7+ Ke6 37. h4 h5 38. Ke2 Bd7 39. Kd3 Bc8 40. Rb1 Kd5 41. Ke2 Bxc5 42. Bxc5 Kxc5 43. Rc1+ Kd5 44. Ke3 Bf5 45. Kf4 g6 46. Rd1+ Ke6 47. f3 Ne7 48. Kg5 Nd5 49. Re1+ Kf7 50. Re5 Nf6 51. Ra5 Nh7+ 52. Kf4 Nf8 53. Ra7+ Kf6 54. Ra6+ Ne6+ 55. Ke3 Ke5 56. Ra5+ Kf6 57. g3 Nc7 58. Rc5 Ne6 59. Rc6 Ke5 60. Ra6 Kf6 61. Ra4 Ke5 62. g4 hxg4 63. fxg4 Bb1 64. Rb4 Bc2 65. Rb5+ Kf6 66. Rb6 Ke5 67. Rb2 Ba4 68. Ra2 Bb3 69. Ra5+ Kf6 70. g5+ Ke7 71. Ke4 Nd8 72. Ra7+ Ke6 73. Ra6+ Kf7 74. Ke5 Bc2 75. Ra7+ Ke8 76. Kf6 Bd3 77. Re7+ Kf8 78. Rd7 1-0

[Event "RUS-chT Blitz"]
[Site "Sochi"]
[Date "2023.10.17"]
[Round "7.22"]
[White "Khripachenko, Alexander"]
[Black "Zarubitski, Viachaslau"]
[Result "1-0"]
[WhiteElo "2259"]
[BlackElo "2429"]
[PlyCount "68"]
[EventDate "2023.10.17"]
[EventType "team-swiss (blitz)"]
[EventRounds "13"]
[EventCountry "RUS"]
[SourceTitle "Mega2024 Update 01"]
[Source "Chessbase"]
[SourceDate "2023.11.12"]
[SourceVersion "1"]
[SourceVersionDate "2023.11.12"]
[SourceQuality "1"]
[WhiteTeam "Krasnodarsk Region"]
[BlackTeam "Belarus"]
[WhiteTeamCountry "RUS"]
[BlackTeamCountry "BLR"]

1. e4 d6 2. d4 Nf6 3. Nc3 e5 4. Nf3 Nbd7 5. Bc4 Be7 6. 0-0 0-0 7. a4 c6 8. Re1 Re8 9. Ba2 h6 10. h3 exd4 11. Nxd4 Bf8 12. Bf4 Nc5 13. Qf3 Ne6 14. Be3 Ng5 15. Bxg5 hxg5 16. Qg3 Nh5 17. Qf3 Nf6 18. a5 a6 19. Bb3 Re5 20. Qg3 Rxa5 21. Rxa5 Qxa5 22. e5 dxe5 23. Nf3 Be6 24. Bxe6 fxe6 25. Nxg5 Re8 26. Qh4 e4 27. Rxe4 Qa1+ 28. Kh2 Bd6+ 29. g3 Qxb2 30. Re3 Qxc2 31. Nce4 Qb1 32. Nxd6 Rd8 33. Rxe6 Qc2 34. Nde4 Rf8 1-0